|
|
|
|
| LEADER |
01788nam a2200445Ia 4500 |
| 001 |
EBC623295 |
| 003 |
MiAaPQ |
| 005 |
20200520144314.0 |
| 006 |
m o d | |
| 007 |
cr cn||||||||| |
| 008 |
981105s1999 ne a sb 001 0 eng d |
| 010 |
|
|
|z 98051349
|
| 020 |
|
|
|z 1556198310 (alk. paper)
|
| 020 |
|
|
|z 9027217777 (Eur.)
|
| 035 |
|
|
|a (MiAaPQ)EBC623295
|
| 035 |
|
|
|a (Au-PeEL)EBL623295
|
| 035 |
|
|
|a (CaPaEBR)ebr5000181
|
| 035 |
|
|
|a (CaONFJC)MIL216357
|
| 035 |
|
|
|a (OCoLC)666941503
|
| 040 |
|
|
|a MiAaPQ
|c MiAaPQ
|d MiAaPQ
|
| 050 |
|
4 |
|a HD2844
|b .E56 1999
|
| 082 |
0 |
4 |
|a 306.3/6/094
|2 21
|
| 100 |
1 |
|
|a Ennals, J. R.
|q (John Richard),
|d 1951-
|
| 245 |
1 |
0 |
|a Work organization and Europe as a development coalition
|h [electronic resource] /
|c Richard Ennals, Bjrn Gustavsen.
|
| 260 |
|
|
|a Amsterdam ;
|a Philadelphia, Penn :
|b John Benjamin,
|c c1999.
|
| 300 |
|
|
|a vi, 209 p. :
|b ill.
|
| 490 |
1 |
|
|a Dialogues on work and innovation,
|x 1384-6671 ;
|v v. 7
|
| 504 |
|
|
|a Includes bibliographical references (p. [195]-199) and indexes.
|
| 533 |
|
|
|a Electronic reproduction. Ann Arbor, MI : ProQuest, 2015. Available via World Wide Web. Access may be limited to ProQuest affiliated libraries.
|
| 546 |
|
|
|a English.
|
| 650 |
|
0 |
|a Regional economics
|v Case studies.
|
| 650 |
|
0 |
|a Industrial concentration
|z Europe
|v Case studies.
|
| 650 |
|
0 |
|a Business networks
|z Europe
|v Case studies.
|
| 650 |
|
0 |
|a Labor supply
|z Europe
|v Case studies.
|
| 651 |
|
0 |
|a Europe
|x Economic conditions
|y 1945-
|x Regional disparities
|v Case studies.
|
| 655 |
|
4 |
|a Electronic books.
|
| 700 |
1 |
|
|a Gustavsen, Bjrn.
|
| 710 |
2 |
|
|a ProQuest (Firm)
|
| 830 |
|
0 |
|a Dialogues on work and innovation ;
|v v. 7.
|
| 856 |
4 |
0 |
|u https://ebookcentral.proquest.com/lib/matrademy/detail.action?docID=623295
|z Click to View
|